[Event "Oberliga Nord W 1213"]
[Site "Germany"]
[Date "2013.02.24"]
[Round "7.6"]
[White "Carmesin, Matthias"]
[Black "Schmidt, Dennis"]
[Result "1-0"]
[WhiteElo "1979"]
[BlackElo "2063"]
[PlyCount "113"]
[EventDate "2012.10.14"]
[EventType "team-tourn"]
[EventRounds "9"]
[EventCountry "GER"]
[SourceTitle "EXT 2014"]
[Source "ChessBase"]
[SourceDate "2013.11.20"]
[SourceVersion "1"]
[SourceVersionDate "2013.11.20"]
[SourceQuality "1"]
[WhiteTeam "Stade"]
[BlackTeam "Hameln"]
[WhiteTeamCountry "GER"]
[BlackTeamCountry "GER"]

1. e4 c5 2. Nf3 d6 3. d4 cxd4 4. Nxd4 Nf6 5. Nc3 e6 6. Bd3 Nc6 7. Nb3 Be7 8. 0-0 0-0 9. f4 a6 10. Qe2 Qc7 11. Bd2 b5 12. a3 Bb7 13. Kh1 Rfe8 14. Rf3 b4 15. Nd1 a5 16. a4 d5 17. e5 Ne4 18. Rh3 Nd8 19. Nf2 Nxf2+ 20. Qxf2 g6 21. Be3 Nc6 22. Bb5 Bd8 23. Bc5 f5 24. c3 Be7 25. cxb4 axb4 26. Rc1 Rac8 27. Bb6 Qb8 28. a5 Rf8 29. Rd3 g5 30. Bxc6 Rxc6 31. Rxc6 Bxc6 32. Nd4 Bd7 33. h3 Qc8 34. Rd2 Qc1+ 35. Kh2 Qb1 36. b3 Qe4 37. g3 h5 38. Re2 Qb1 39. Rb2 Qa1 40. Ra2 Qd1 41. a6 Kf7 42. a7 Ra8 43. Rd2 Qa1 44. Qe2 g4 45. Ra2 Qb1 46. h4 Bc8 47. Rc2 Qa1 48. Rc7 Ba6 49. Qc2 Qf1 50. Qg2 Qe1 51. Nc6 Bd3 52. Rxe7+ Kf8 53. Rh7 Be4 54. Qg1 Qe2+ 55. Bf2 Kg8 56. Rb7 Rc8 57. Ne7+ 1-0

[Event "GER-chT U16"]
[Site "Naumburg"]
[Date "2012.12.30"]
[Round "7"]
[White "Carmesin, Matthias"]
[Black "Grimm, Julius"]
[Result "1-0"]
[WhiteElo "2050"]
[BlackElo "1951"]
[PlyCount "61"]
[EventDate "2012.12.27"]
[EventType "team-swiss"]
[EventRounds "7"]
[EventCountry "GER"]
[SourceTitle "EXT 2014"]
[Source "ChessBase"]
[SourceDate "2013.11.20"]
[SourceVersion "1"]
[SourceVersionDate "2013.11.20"]
[SourceQuality "1"]
[WhiteTeam "Stader SV"]
[BlackTeam "Darmstadt Schachforum"]
[WhiteTeamCountry "GER"]
[BlackTeamCountry "GER"]

1. e4 c6 2. d4 d5 3. Nc3 dxe4 4. Nxe4 Bf5 5. Ng3 Bg6 6. Nf3 Nd7 7. Bd3 e6 8. 0-0 Ngf6 9. c4 Be7 10. b3 0-0 11. Bb2 Qa5 12. Bxg6 hxg6 13. Qe2 Ba3 14. Rfd1 Rfd8 15. Rd3 Bxb2 16. Qxb2 Qc7 17. Rad1 a5 18. h3 b5 19. Ne5 Nxe5 20. dxe5 Rxd3 21. Rxd3 Nd7 22. Rd6 a4 23. Qd4 axb3 24. axb3 Ra7 25. c5 Nf8 26. Rd8 b4 27. Ne4 Qe7 28. Qd6 Qxd6 29. cxd6 Rd7 30. Rc8 f6 31. Nc5 1-0

[Event "GER-chT U16"]
[Site "Naumburg"]
[Date "2012.12.28"]
[Round "4"]
[White "Xu, Xianliang"]
[Black "Carmesin, Matthias"]
[Result "1-0"]
[WhiteElo "2019"]
[BlackElo "2050"]
[PlyCount "85"]
[EventDate "2012.12.27"]
[EventType "team-swiss"]
[EventRounds "7"]
[EventCountry "GER"]
[SourceTitle "EXT 2014"]
[Source "ChessBase"]
[SourceDate "2013.11.20"]
[SourceVersion "1"]
[SourceVersionDate "2013.11.20"]
[SourceQuality "1"]
[WhiteTeam "Porz SG"]
[BlackTeam "Stader SV"]
[WhiteTeamCountry "GER"]
[BlackTeamCountry "GER"]

1. e4 c5 2. d4 cxd4 3. c3 d5 4. exd5 Qxd5 5. cxd4 Nc6 6. Nf3 e5 7. Nc3 Bb4 8. Bd2 Bxc3 9. Bxc3 e4 10. Ne5 Nxe5 11. dxe5 Ne7 12. Qe2 0-0 13. Rd1 Qc6 14. Bb4 Re8 15. Bxe7 Rxe7 16. Rd8+ Re8 17. Rxe8+ Qxe8 18. Qxe4 f5 19. Bc4+ Be6 20. Qe2 Bxc4 21. Qxc4+ Kh8 22. Qe2 Qe6 23. 0-0 f4 24. Re1 Rf8 25. Qe4 b6 26. Qb4 Kg8 27. b3 a5 28. Qe4 g5 29. Rc1 Rf7 30. Rc6 Qf5 31. Qxf5 Rxf5 32. Rxb6 Rxe5 33. Kf1 Rc5 34. a4 Rc1+ 35. Ke2 Rc2+ 36. Kf3 h5 37. Rg6+ Kf7 38. Rxg5 Rc3+ 39. Kxf4 Rxb3 40. Rxa5 Rb2 41. Kg3 h4+ 42. Kxh4 Rxf2 43. Kg3 1-0

[Event "Oberliga Nord W 1213"]
[Site "Germany"]
[Date "2012.10.14"]
[Round "1.5"]
[White "Schulze, Torben"]
[Black "Carmesin, Matthias"]
[Result "0-1"]
[WhiteElo "2309"]
[BlackElo "1979"]
[PlyCount "82"]
[EventDate "2012.10.14"]
[EventType "team-tourn"]
[EventRounds "9"]
[EventCountry "GER"]
[SourceTitle "EXT 2014"]
[Source "ChessBase"]
[SourceDate "2013.11.20"]
[SourceVersion "1"]
[SourceVersionDate "2013.11.20"]
[SourceQuality "1"]
[WhiteTeam "Hannover"]
[BlackTeam "Stade"]
[WhiteTeamCountry "GER"]
[BlackTeamCountry "GER"]

1. e4 c5 2. Nc3 Nc6 3. Nge2 g6 4. d4 cxd4 5. Nxd4 Bg7 6. Be3 Nf6 7. Bc4 0-0 8. Bb3 d6 9. f3 Bd7 10. Qd2 Rc8 11. 0-0-0 Ne5 12. Kb1 Nc4 13. Bxc4 Rxc4 14. g4 Re8 15. e5 Rxc3 16. exf6 Rxe3 17. Qxe3 Bxf6 18. h4 Qb6 19. Rd3 e5 20. Nb3 Qxe3 21. Rxe3 d5 22. g5 Bg7 23. c3 f6 24. Rd1 Bf5+ 25. Ka1 Rd8 26. Nc5 b6 27. Nd3 d4 28. Nc1 Rd7 29. cxd4 exd4 30. Re2 h6 31. Nb3 fxg5 32. hxg5 d3 33. Rg2 hxg5 34. Rxg5 a5 35. a3 a4 36. Nd2 Rc7 37. Ne4 Rc2 38. Rb1 Bd4 39. Nd6 d2 40. Rgg1 Bxg1 41. Nxf5 Rc1 0-1

[Event "GER-chT North U16"]
[Site "Berlin"]
[Date "2012.09.08"]
[Round "6.1"]
[White "Eichstaedt, Mirko"]
[Black "Carmesin, Matthias"]
[Result "0-1"]
[WhiteElo "1902"]
[BlackElo "2011"]
[PlyCount "104"]
[EventDate "2012.09.06"]
[EventType "team-swiss"]
[EventRounds "7"]
[EventCountry "GER"]
[SourceTitle "EXT 2015"]
[Source "ChessBase"]
[SourceDate "2014.11.20"]
[SourceVersion "1"]
[SourceVersionDate "2014.11.20"]
[SourceQuality "1"]
[WhiteTeam "Potsdam"]
[BlackTeam "Stade"]
[WhiteTeamCountry "GER"]
[BlackTeamCountry "GER"]

1. d4 Nf6 2. Nf3 g6 3. g3 Bg7 4. Bg2 d5 5. Nbd2 c6 6. 0-0 0-0 7. c4 Nbd7 8. b3 Re8 9. Bb2 Nf8 10. Ne5 Ng4 11. Nxg4 Bxg4 12. h3 Bf5 13. Kh2 h5 14. Nf3 Be4 15. Qd2 Qd6 16. Rad1 a5 17. Nh4 Bxg2 18. Nxg2 Ne6 19. cxd5 cxd5 20. a4 b6 21. Rc1 Rec8 22. Rfd1 Bf6 23. Rc2 h4 24. Rdc1 Rxc2 25. Rxc2 Ng5 26. Qf4 hxg3+ 27. Qxg3 Qe6 28. f3 Qf5 29. Ne3 Qe6 30. Ng4 Kg7 31. Kg2 Rc8 32. Rd2 Qf5 33. Qe1 Rh8 34. h4 Ne6 35. Nxf6 Qxf6 36. Qg3 Rxh4 37. Qe5 Qxe5 38. dxe5 Rb4 39. Ba3 Rxb3 40. Bxe7 g5 41. Kf2 d4 42. Kg3 Kg6 43. Kg4 Rb1 44. Rc2 Rg1+ 45. Kh3 Nf4+ 46. Kh2 Rg2+ 47. Kh1 Rxe2 48. Rxe2 Nxe2 49. Kg2 Nc3 50. Kf2 Kf5 51. Bf6 Nxa4 52. Ke2 Nc5 0-1

[Event "GER-chT North U16"]
[Site "Berlin"]
[Date "2012.09.07"]
[Round "4.1"]
[White "Grigorian, Spartak"]
[Black "Carmesin, Matthias"]
[Result "1/2-1/2"]
[WhiteElo "2188"]
[BlackElo "2011"]
[PlyCount "92"]
[EventDate "2012.09.06"]
[EventType "team-swiss"]
[EventRounds "7"]
[EventCountry "GER"]
[SourceTitle "EXT 2015"]
[Source "ChessBase"]
[SourceDate "2014.11.20"]
[SourceVersion "1"]
[SourceVersionDate "2014.11.20"]
[SourceQuality "1"]
[WhiteTeam "Wildeshausen"]
[BlackTeam "Stade"]
[WhiteTeamCountry "GER"]
[BlackTeamCountry "GER"]

1. d4 Nf6 2. c4 d6 3. Nf3 Nbd7 4. Nc3 e5 5. e4 c6 6. Be2 Be7 7. 0-0 0-0 8. Be3 Qc7 9. d5 c5 10. Ne1 g6 11. Nd3 Ne8 12. Bh6 Ng7 13. f4 Qd8 14. Bg4 Bf6 15. Bxd7 Bxd7 16. fxe5 Bxe5 17. Nxe5 dxe5 18. Qd2 f6 19. Qe3 Qe7 20. d6 Qxd6 21. Rad1 Qe6 22. Qxc5 Rac8 23. Qd5 Rf7 24. b3 Bc6 25. Qxe6 Nxe6 26. Rd6 Re8 27. Nd5 Bxd5 28. exd5 Nf4 29. Bxf4 exf4 30. Rxf4 f5 31. c5 Re2 32. Rf2 Re1+ 33. Rf1 Re2 34. Rc1 Rd2 35. Rd8+ Kg7 36. d6 f4 37. b4 f3 38. gxf3 Rf5 39. Rd7+ Kh6 40. f4 Rxf4 41. Rc3 Rxb4 42. Rh3+ Kg5 43. Rf7 Rc4 44. Rg3+ Kh6 45. Rh3+ Kg5 46. Rg3+ Kh6 1/2-1/2

[Event "Lueneburg distr-chA"]
[Site "Winsen/Luhe"]
[Date "2011.10.17"]
[Round "3.6"]
[White "Meschke, Oliver"]
[Black "Carmesin, Matthias"]
[Result "0-1"]
[WhiteElo "1968"]
[BlackElo "1896"]
[PlyCount "32"]
[EventDate "2011.10.??"]
[EventType "swiss"]
[EventRounds "9"]
[EventCountry "GER"]
[SourceTitle "EXT 2013"]
[Source "ChessBase"]
[SourceDate "2012.11.22"]
[SourceVersion "1"]
[SourceVersionDate "2012.11.22"]
[SourceQuality "1"]

1. c4 e5 2. g3 g6 3. Bg2 Bg7 4. Nc3 Nc6 5. d3 d6 6. Nf3 f5 7. Be3 Nf6 8. Qb3 0-0 9. Ng5 Kh8 10. c5 Qe7 11. Nd5 Nxd5 12. Bxd5 f4 13. cxd6 cxd6 14. Nf7+ Rxf7 15. Bxf7 fxe3 16. fxe3 Qg5 0-1

[Event "Lueneburg distr-chA"]
[Site "Winsen/Luhe"]
[Date "2011.10.15"]
[Round "1.3"]
[White "Grimm, Uwe"]
[Black "Carmesin, Matthias"]
[Result "1-0"]
[WhiteElo "2193"]
[BlackElo "1896"]
[PlyCount "61"]
[EventDate "2011.10.??"]
[EventType "swiss"]
[EventRounds "9"]
[EventCountry "GER"]
[SourceTitle "EXT 2013"]
[Source "ChessBase"]
[SourceDate "2012.11.22"]
[SourceVersion "1"]
[SourceVersionDate "2012.11.22"]
[SourceQuality "1"]

1. f4 d6 2. Nf3 Bg4 3. e4 e5 4. fxe5 dxe5 5. Bc4 Nc6 6. c3 Qd7 7. 0-0 Bc5+ 8. Kh1 0-0-0 9. Qe1 f6 10. b4 Bb6 11. a4 a5 12. Bb5 Qe6 13. Qe2 Nge7 14. Bc4 Qd6 15. b5 Nb8 16. h3 Bh5 17. d3 Nd7 18. Nbd2 Nc5 19. d4 exd4 20. cxd4 Ne6 21. Ba3 Qd7 22. Nb3 Nxd4 23. Nbxd4 Bxd4 24. Rad1 Bxf3 25. Rxf3 c5 26. bxc6 Nxc6 27. Bd5 Qc7 28. Rc1 Rhe8 29. Qb5 Re5 30. Qc4 Qd7 31. Qxd4 1-0

[Event "GER-chT U16"]
[Site "Naumburg"]
[Date "2010.12.28"]
[Round "4.3"]
[White "Groening, Finn Jonathan"]
[Black "Carmesin, Matthias"]
[Result "0-1"]
[WhiteElo "1687"]
[BlackElo "1927"]
[PlyCount "112"]
[EventDate "2010.12.27"]
[EventType "team-swiss"]
[EventRounds "7"]
[EventCountry "GER"]
[SourceTitle "CBM 140 Extra"]
[Source "ChessBase"]
[SourceDate "2011.03.01"]
[SourceVersion "1"]
[SourceVersionDate "2011.03.01"]
[SourceQuality "1"]
[WhiteTeam "Hamburger SK"]
[BlackTeam "Stade"]
[WhiteTeamCountry "GER"]
[BlackTeamCountry "GER"]

1. e4 c5 2. Nf3 Nc6 3. d4 cxd4 4. Nxd4 e5 5. Nb5 d6 6. N1c3 a6 7. Na3 b5 8. Nd5 Nf6 9. Bg5 Be7 10. Bxf6 Bxf6 11. c3 Ne7 12. Nc2 Nxd5 13. Qxd5 Rb8 14. 0-0-0 Bb7 15. Qxd6 Bg5+ 16. Ne3 Qxd6 17. Rxd6 Ke7 18. Rd2 Bxe4 19. Bd3 Bc6 20. h4 Bxe3 21. fxe3 Rhd8 22. Rhd1 h6 23. g3 Rb7 24. Bf5 Rxd2 25. Rxd2 g6 26. Bc8 Rb8 27. Bg4 f5 28. Bd1 Be4 29. Bc2 Bxc2 30. Kxc2 Ke6 31. Kb3 Rc8 32. a4 Rc4 33. axb5 axb5 34. Kc2 Rg4 35. Rg2 Kd5 36. Kd3 f4 37. e4+ Kc6 38. Ke2 fxg3 39. Kf3 Rxh4 40. Rxg3 g5 41. Rg2 Rf4+ 42. Ke3 Rf6 43. Rh2 Kd7 44. Rh1 Ke7 45. Ra1 Rb6 46. Ra7+ Kf6 47. Rh7 Kg6 48. Re7 h5 49. Rxe5 h4 50. Rf5 Rf6 51. Rxf6+ Kxf6 52. b3 h3 53. Kf3 g4+ 54. Kg3 Ke5 55. c4 bxc4 56. bxc4 Kxe4 0-1

[Event "GER-chT U16"]
[Site "Naumburg"]
[Date "2010.12.27"]
[Round "1.3"]
[White "Carmesin, Matthias"]
[Black "Bykov, Ilya"]
[Result "1-0"]
[WhiteElo "1927"]
[BlackElo "1478"]
[PlyCount "53"]
[EventDate "2010.12.27"]
[EventType "team-swiss"]
[EventRounds "7"]
[EventCountry "GER"]
[SourceTitle "CBM 140 Extra"]
[Source "ChessBase"]
[SourceDate "2011.03.01"]
[SourceVersion "1"]
[SourceVersionDate "2011.03.01"]
[SourceQuality "1"]
[WhiteTeam "Stade"]
[BlackTeam "Karlsruhe"]
[WhiteTeamCountry "GER"]
[BlackTeamCountry "GER"]

1. e4 c5 2. Nf3 d6 3. d4 cxd4 4. Nxd4 Nf6 5. Nc3 g6 6. Be3 Bg7 7. f3 0-0 8. Bc4 Bd7 9. Qd2 Nc6 10. 0-0-0 a6 11. Bb3 Rc8 12. Kb1 Na5 13. h4 Nc4 14. Bxc4 Rxc4 15. h5 b5 16. g4 b4 17. Nce2 a5 18. Bh6 Qc8 19. Bxg7 Kxg7 20. Ng3 Be8 21. hxg6 fxg6 22. Qh6+ Kg8 23. g5 Nh5 24. Nxh5 gxh5 25. Ne6 Rf7 26. g6 Qxe6 27. gxf7+ 1-0

[Event "GER-chT U16"]
[Site "Naumburg"]
[Date "2010.12.27"]
[Round "2.3"]
[White "Keller, Peter1111"]
[Black "Carmesin, Matthias"]
[Result "1-0"]
[WhiteElo "1749"]
[BlackElo "1927"]
[PlyCount "71"]
[EventDate "2010.12.27"]
[EventType "team-swiss"]
[EventRounds "7"]
[EventCountry "GER"]
[SourceTitle "CBM 140 Extra"]
[Source "ChessBase"]
[SourceDate "2011.03.01"]
[SourceVersion "1"]
[SourceVersionDate "2011.03.01"]
[SourceQuality "1"]
[WhiteTeam "Frankfurt TV"]
[BlackTeam "Stade"]
[WhiteTeamCountry "GER"]
[BlackTeamCountry "GER"]

1. e4 c5 2. d4 cxd4 3. c3 d5 4. exd5 Qxd5 5. Nf3 Nf6 6. cxd4 e6 7. Nc3 Qa5 8. Bd3 Nc6 9. 0-0 Be7 10. Be3 0-0 11. a3 Rd8 12. b4 Qc7 13. Qd2 b6 14. Rfc1 Bb7 15. Bf4 Bd6 16. Bg5 Qb8 17. Bxf6 Bf4 18. Qc2 gxf6 19. Rd1 f5 20. d5 Ne5 21. Nxe5 Qxe5 22. g3 Qg7 23. Bc4 Be5 24. Rac1 Rdc8 25. Qb3 Bxc3 26. dxe6 Bf6 27. Rd7 Bc6 28. Rxf7 Qg5 29. Rd1 Kh8 30. f4 Qg6 31. Rd6 Be8 32. Rf8+ Kg7 33. e7 Rxc4 34. Qxc4 Bf7 35. Rxa8 Bxc4 36. e8Q 1-0

[Event "Dortmund Sparkassen op-A"]
[Site "Dortmund"]
[Date "2010.07.17"]
[Round "1"]
[White "Wittenberg, Andreas"]
[Black "Carmesin, Matthias"]
[Result "1/2-1/2"]
[WhiteElo "2143"]
[BlackElo "1859"]
[PlyCount "148"]
[EventDate "2010.07.17"]
[EventType "swiss"]
[EventRounds "9"]
[EventCountry "GER"]
[SourceTitle "CBM 137 Extra"]
[Source "ChessBase"]
[SourceDate "2010.09.01"]
[SourceVersion "1"]
[SourceVersionDate "2010.09.01"]
[SourceQuality "1"]

1. d4 Nf6 2. Nf3 d6 3. g3 Nbd7 4. Bg2 e5 5. dxe5 dxe5 6. 0-0 Bc5 7. b3 0-0 8. Bb2 Qe7 9. Nh4 Qe6 10. e4 b6 11. Qe2 Bb7 12. Nd2 g6 13. Kh1 Rfe8 14. Rae1 Rad8 15. Nhf3 Qc6 16. Ng5 h6 17. Nh3 Bb4 18. c3 Bf8 19. f4 exf4 20. gxf4 Nc5 21. Nf2 Bg7 22. c4 Qd6 23. Bxf6 Qxf6 24. Ng4 Qb2 25. Nb1 Qxe2 26. Rxe2 Bxe4 27. Rfe1 f5 28. Nf2 Bxg2+ 29. Kxg2 Kf7 30. Kg3 Bd4 31. Nd1 Nd3 32. Rxe8 Rxe8 33. Rxe8 Kxe8 34. Nbc3 c6 35. Kf3 Ke7 36. Ne2 Bc5 37. Ndc3 Kf6 38. Na4 Bd6 39. Ke3 Nc5 40. Nac3 Ne6 41. h3 g5 42. fxg5+ Kxg5 43. Kf3 Be5 44. Nd1 Nd4+ 45. Kf2 Nxe2 46. Kxe2 Kh4 47. Ne3 Kxh3 48. Nxf5 h5 49. Kf3 c5 50. Ke4 Bb8 51. Kf3 Bc7 52. Ne7 Kh4 53. Nc6 a5 54. Ne7 Kg5 55. Nd5 Bd8 56. Nf4 Bf6 57. Nd5 Bd8 58. Nf4 Kh6 59. Ne6 Be7 60. Nf4 h4 61. Kg4 Kg7 62. Ng2 Kf7 63. Nf4 Bd8 64. Kf5 Bc7 65. Nh3 Bg3 66. Ng5+ Ke7 67. a4 Kd7 68. Nh3 Kd6 69. Ng5 Be1 70. Ne4+ Kc6 71. Ng5 Bd2 72. Nh3 Be3 73. Ke4 Bh6 74. Kf5 Bf8 1/2-1/2

[Event "Dresden ZMD op"]
[Site "Dresden"]
[Date "2009.08.01"]
[Round "8"]
[White "Huettemann, Ralf"]
[Black "Carmesin, Matthias"]
[Result "1/2-1/2"]
[WhiteElo "1994"]
[BlackElo "1794"]
[PlyCount "65"]
[EventDate "2009.07.25"]
[EventType "swiss"]
[EventRounds "9"]
[EventCountry "GER"]
[SourceTitle "CBM 131 Extra"]
[Source "ChessBase"]
[SourceDate "2009.09.03"]
[SourceVersion "2"]
[SourceVersionDate "2009.09.16"]
[SourceQuality "1"]

1. e4 c5 2. Nc3 Nc6 3. g3 g6 4. Bg2 Bg7 5. d3 Rb8 6. a4 a6 7. Be3 d6 8. Nge2 Nd4 9. 0-0 b5 10. axb5 axb5 11. Qd2 b4 12. Bxd4 cxd4 13. Nd5 b3 14. cxb3 e6 15. Nb4 Ne7 16. Rfc1 Qb6 17. Nc2 0-0 18. Na3 Qxb3 19. Nc4 d5 20. Nd6 Qxb2 21. Qxb2 Rxb2 22. Nxc8 Nxc8 23. Nf4 dxe4 24. Bxe4 Nd6 25. Bg2 Bh6 26. Rc6 Bxf4 27. gxf4 Nf5 28. Be4 Rfb8 29. Bxf5 gxf5 30. Rc4 R2b4 31. Rcc1 Rb3 32. Rd1 Rb2 33. Kg2 1/2-1/2

[Event "Niedersachsen-chT U14"]
[Site "Verden an der Aller"]
[Date "2009.05.21"]
[Round "1.1"]
[White "Hapke, Moritz"]
[Black "Carmesin, Matthias"]
[Result "0-1"]
[WhiteElo "1050"]
[BlackElo "1792"]
[PlyCount "56"]
[EventDate "2009.05.21"]
[EventType "team-tourn"]
[EventRounds "7"]
[EventCountry "GER"]
[SourceTitle "EXT 2010"]
[Source "ChessBase"]
[SourceDate "2010.11.25"]
[SourceVersion "1"]
[SourceVersionDate "2010.11.25"]
[SourceQuality "1"]
[WhiteTeam "Ricklingen"]
[BlackTeam "Stade"]
[WhiteTeamCountry "GER"]
[BlackTeamCountry "GER"]

1. e4 c5 2. c3 d5 3. exd5 Qxd5 4. Bb5+ Nc6 5. Nf3 Bg4 6. 0-0 Nf6 7. h3 Bh5 8. c4 Qd6 9. Qa4 Bxf3 10. gxf3 e6 11. Nc3 Be7 12. Ne4 Qc7 13. Nxf6+ Bxf6 14. Qc2 0-0 15. Bxc6 Qxc6 16. Qe4 Qb6 17. Rb1 Rfd8 18. d3 Rd4 19. Qe2 Rad8 20. Rd1 Qc7 21. Be3 R4d7 22. Qd2 Qe5 23. Bf4 Qf5 24. Qe3 b6 25. b4 Rxd3 26. Rxd3 Rxd3 27. Qe2 Rd4 28. Be3 Qxb1+ 0-1

[Event "Niedersachsen-ch U14"]
[Site "Rotenburg"]
[Date "2009.04.08"]
[Round "7"]
[White "Hartogh, Tim"]
[Black "Carmesin, Matthias"]
[Result "1-0"]
[WhiteElo "1874"]
[BlackElo "1792"]
[PlyCount "103"]
[EventDate "2009.04.04"]
[EventType "swiss"]
[EventRounds "9"]
[EventCountry "GER"]
[SourceTitle "EXT 2010"]
[Source "ChessBase"]
[SourceDate "2010.11.25"]
[SourceVersion "1"]
[SourceVersionDate "2010.11.25"]
[SourceQuality "1"]

1. d4 d5 2. c4 e6 3. Nc3 c5 4. cxd5 exd5 5. g3 Nc6 6. Nf3 Nf6 7. Bg2 Be7 8. 0-0 0-0 9. Bg5 Be6 10. Qd2 h6 11. Be3 Na5 12. Rfd1 Nc4 13. Qc1 Nxe3 14. Qxe3 Qa5 15. Ne5 Rfd8 16. Ng6 Bd6 17. Nf4 Re8 18. Qd2 cxd4 19. Ncxd5 Qxd2 20. Nxf6+ gxf6 21. Rxd2 Bxf4 22. gxf4 Bg4 23. Bxb7 Rab8 24. Ba6 Rb6 25. Bc4 Be6 26. b3 Bxc4 27. bxc4 Re4 28. Rad1 Rxf4 29. Kg2 Re4 30. Kf3 Rbe6 31. c5 f5 32. Rxd4 Rxe2 33. Rc1 R2e4 34. Rd8+ Re8 35. Rxe8+ Rxe8 36. c6 Rc8 37. Kf4 Rc7 38. Kxf5 Kf8 39. Kf6 a5 40. a4 h5 41. h4 Ke8 42. Kg5 Ke7 43. Kxh5 Kf6 44. Kg4 Kg6 45. h5+ Kh6 46. Kf5 f6 47. Ke6 Kxh5 48. Kd6 Rc8 49. Kd7 Ra8 50. c7 Ra7 51. Ke6 Ra6+ 52. Kf5 1-0

[Event "Niedersachsen-ch U14"]
[Site "Rotenburg"]
[Date "2009.04.07"]
[Round "5"]
[White "Carmesin, Matthias"]
[Black "Thumulka, Patrick"]
[Result "1-0"]
[WhiteElo "1792"]
[BlackElo "1894"]
[PlyCount "103"]
[EventDate "2009.04.04"]
[EventType "swiss"]
[EventRounds "9"]
[EventCountry "GER"]
[SourceTitle "EXT 2010"]
[Source "ChessBase"]
[SourceDate "2010.11.25"]
[SourceVersion "1"]
[SourceVersionDate "2010.11.25"]
[SourceQuality "1"]

1. Nf3 d5 2. g3 Nf6 3. Bg2 Bf5 4. 0-0 e6 5. d4 Bd6 6. c4 c6 7. Nc3 0-0 8. Nh4 Bg6 9. Nxg6 hxg6 10. e4 dxe4 11. Nxe4 Nxe4 12. Bxe4 Nd7 13. b3 Nf6 14. Bf3 Qc7 15. Bb2 Rad8 16. Qc2 Rfe8 17. Rad1 Rc8 18. Rfe1 Bb4 19. Bc3 Bxc3 20. Qxc3 Rcd8 21. b4 a6 22. a4 b6 23. Qb3 Rc8 24. Re2 Red8 25. Red2 Kf8 26. Qb2 Kg8 27. Rc1 e5 28. dxe5 Rxd2 29. Qxd2 Qxe5 30. Re1 Qc7 31. Rd1 a5 32. bxa5 bxa5 33. Qd6 Kh7 34. Qxc7 Rxc7 35. Rd6 c5 36. Ra6 Nd7 37. Rxa5 Nb6 38. Be2 Re7 39. Kf1 Rc7 40. Ra6 Nd7 41. Bf3 Kh6 42. a5 Kg5 43. Rd6 f6 44. a6 Kf5 45. Bb7 Ke5 46. Rxd7 Rxd7 47. a7 Rxb7 48. a8Q Rd7 49. Qe8+ Kd6 50. Qe4 Kc7 51. Qxg6 Kc6 52. Qf5 1-0